[Event "Krajský pøebor jednotlivcù KHŠS 2014"]
[Site "Janske Lazne"]
[Date "2014.05.08"]
[Round "5.8"]
[White "Nosek, Jan"]
[Black "Haman, Jakub"]
[Result "0-1"]
[WhiteElo "1770"]
[BlackElo "2151"]
[PlyCount "86"]
[EventDate "2014.05.06"]

1. e4 c5 2. Nf3 d6 3. d4 cxd4 4. Nxd4 Nf6 5. Nc3 a6 6. Bg5 e6 7. f4 h6 8. Bh4
Be7 9. Qf3 Nbd7 10. O-O-O Qc7 11. Qg3 g5 12. fxg5 Rg8 13. Be2 Nc5 14. Qe3 hxg5
15. Bg3 Ncd7 16. Rhf1 Ne5 17. Bxe5 dxe5 18. Nb3 Bd7 19. Kb1 Bc6 20. Rf2 Rc8 21.
Rdf1 Rg6 22. h3 b5 23. Bd3 b4 24. Ne2 a5 25. Nd2 Ba4 26. Nb3 Bd7 27. Rf3 a4 28.
Nbc1 Bc5 29. Qd2 Qd8 30. Ng3 Bc6 31. Qe1 Rc7 32. Qe2 Ke7 33. Rd1 Qb8 34. Rdf1
Be8 35. Ba6 Qb6 36. Bd3 Bd4 37. Qd1 g4 38. Rxf6 Rxf6 39. Rxf6 Kxf6 40. Qxg4 Ke7
41. h4 Bxb2 42. Kxb2 Qd4+ 43. c3 Qxc3+ 0-1

[Event "Krajský pøebor jednotlivcù KHŠS 2014"]
[Site "Janske Lazne"]
[Date "2014.05.08"]
[Round "5.9"]
[White "Kaderabek, Jiri"]
[Black "Peroutka, Ivo"]
[Result "1-0"]
[WhiteElo "2123"]
[BlackElo "1938"]
[PlyCount "45"]
[EventDate "2014.05.06"]

1. e4 e6 2. d4 d5 3. exd5 exd5 4. c4 Nf6 5. Nc3 c6 6. Nf3 Bf5 7. Be2 Bd6 8. Bg5
Bb4 9. O-O Bxc3 10. bxc3 O-O 11. Qb3 b6 12. Rfe1 dxc4 13. Bxc4 b5 14. Bf1 Be6
15. Rxe6 fxe6 16. Qxe6+ Kh8 17. Qh3 Nbd7 18. Ne5 Qe8 19. Bd3 Kg8 20. Re1 Rc8
21. Bf5 Rc7 22. Kf1 g6 23. Nxd7 1-0

[Event "Krajský pøebor jednotlivcù KHŠS 2014"]
[Site "Janske Lazne"]
[Date "2014.05.08"]
[Round "5.10"]
[White "Rojikova, Lenka"]
[Black "Safarik, Jakub"]
[Result "1/2-1/2"]
[WhiteElo "1935"]
[BlackElo "2112"]
[PlyCount "69"]
[EventDate "2014.05.06"]

1. e4 c5 2. Nf3 Nc6 3. d4 cxd4 4. Nxd4 Nf6 5. Nc3 e5 6. Ndb5 d6 7. Bg5 a6 8.
Na3 b5 9. Nd5 Be7 10. Bxf6 Bxf6 11. c4 Nd4 12. cxb5 Bg5 13. b6 O-O 14. Bc4 Bb7
15. O-O Rc8 16. Qd3 Bxd5 17. Bxd5 Qxb6 18. Nc4 Qc5 19. Qa3 Qxa3 20. Nxa3 Rfd8
21. Nc4 g6 22. Ne3 Kg7 23. Bb7 Rb8 24. Bxa6 Rxb2 25. Rfb1 Rxb1+ 26. Rxb1 f5 27.
exf5 gxf5 28. Nd5 e4 29. Rb7+ Kg6 30. Rb4 Nc6 31. Rb6 Ne5 32. Kf1 f4 33. a4 Kf5
34. a5 Nd7 35. Rb5 1/2-1/2

[Event "Krajský pøebor jednotlivcù KHŠS 2014"]
[Site "Janske Lazne"]
[Date "2014.05.08"]
[Round "5.11"]
[White "Plchot, Miroslav"]
[Black "Pychova, Nela"]
[Result "0-1"]
[WhiteElo "1932"]
[BlackElo "2034"]
[PlyCount "78"]
[EventDate "2014.05.06"]

1. d4 d5 2. Nf3 Nf6 3. c4 e6 4. Nc3 Be7 5. Bf4 O-O 6. e3 b6 7. Rc1 Bb7 8. cxd5
exd5 9. Bd3 c5 10. O-O Nbd7 11. h3 a6 12. Ne2 c4 13. Bb1 b5 14. Ne5 a5 15. Ng3
g6 16. Bh6 Re8 17. f4 Bd6 18. Qf3 Bf8 19. Bg5 Qc7 20. Nxd7 Nxd7 21. f5 Nb6 22.
Qg4 Qd7 23. Qh4 c3 24. fxg6 fxg6 25. Nf5 cxb2 26. Rc5 gxf5 27. Bxf5 Qxf5 28.
Rxf5 b1=Q+ 29. Rf1 Qe4 30. Rf4 Qxe3+ 31. Kh2 Qe6 32. Rf6 Bd6+ 33. Bf4 Bxf4+ 34.
Qxf4 Qe3 35. Qg4+ Kh8 36. Rc7 Re7 37. Qf5 Rg8 38. Qc2 Qg3+ 39. Kh1 Rxc7 0-1

[Event "Krajský pøebor jednotlivcù KHŠS 2014"]
[Site "Janske Lazne"]
[Date "2014.05.08"]
[Round "5.12"]
[White "Kucera, Tomas"]
[Black "Dungl, Petr"]
[Result "1-0"]
[WhiteElo "2024"]
[BlackElo "1889"]
[PlyCount "73"]
[EventDate "2014.05.06"]

1. e4 c5 2. Nf3 Nf6 3. d3 d6 4. g3 Nc6 5. Bg2 g6 6. O-O Bg7 7. c3 O-O 8. h3 Bd7
9. Be3 Rc8 10. Na3 a6 11. Qd2 b5 12. Nc2 e5 13. Bh6 Ne8 14. Bxg7 Kxg7 15. Ne3
Nf6 16. Nh2 h5 17. f4 exf4 18. gxf4 Nh7 19. Kh1 Kh8 20. Qf2 b4 21. Nf3 g5 22.
fxg5 Nxg5 23. Qh4 Nh7 24. Qxh5 Qf6 25. Nd2 Qg5 26. Qe2 Qh4 27. Nf5 Bxf5 28.
Rxf5 Ne5 29. Nf3 Nxf3 30. Qxf3 Ng5 31. Qe3 Rg8 32. Raf1 Rg7 33. R1f4 Qh5 34.
Qe1 Rh7 35. Qg3 Qg6 36. Rxg5 Qe6 37. Rfg4 1-0

[Event "Krajský pøebor jednotlivcù KHŠS 2014"]
[Site "Janske Lazne"]
[Date "2014.05.08"]
[Round "5.13"]
[White "Stanek, Petr"]
[Black "Smolej, Lukas"]
[Result "0-1"]
[WhiteElo "1911"]
[BlackElo "2014"]
[PlyCount "58"]
[EventDate "2014.05.06"]

1. Nf3 Nc6 2. g3 e5 3. d3 d5 4. Bg2 Bg4 5. O-O Qd7 6. Re1 Nf6 7. a3 Bd6 8. b4
Bh3 9. Bh1 Ne7 10. Bb2 Ng6 11. c4 dxc4 12. dxc4 Qf5 13. c5 Be7 14. Nbd2 Rd8 15.
Qa4+ Kf8 16. Qxa7 Ng4 17. e4 Qf6 18. Rad1 Nh4 19. gxh4 Qg6 20. Ng5 h6 21. Ndf3
hxg5 22. Rxd8+ Bxd8 23. Rd1 gxh4 24. Rxd8+ Ke7 25. Rd7+ Kxd7 26. Bg2 Bxg2 27.
c6+ bxc6 28. Bxe5 Rc8 29. Qd4+ Ke8 0-1

[Event "Krajský pøebor jednotlivcù KHŠS 2014"]
[Site "Janske Lazne"]
[Date "2014.05.08"]
[Round "5.14"]
[White "Pycha, Patrik"]
[Black "Kotyza, Bohumil"]
[Result "1-0"]
[WhiteElo "2013"]
[BlackElo "1905"]
[PlyCount "85"]
[EventDate "2014.05.06"]

1. e4 e6 2. d4 d5 3. Nc3 dxe4 4. Nxe4 Nd7 5. g3 Ngf6 6. Nxf6+ Nxf6 7. Bg2 c5 8.
Ne2 Qb6 9. O-O Be7 10. Be3 O-O 11. dxc5 Bxc5 12. Bxc5 Qxc5 13. Nc3 Qb4 14. Rb1
Bd7 15. a3 Qb6 16. Ne4 Nxe4 17. Bxe4 Bc6 18. Bxc6 Qxc6 19. Qe2 Rad8 20. Rfd1
Qb6 21. b4 a6 22. c4 Rxd1+ 23. Rxd1 Rd8 24. Rxd8+ Qxd8 25. Qc2 g6 26. c5 Qd4
27. Qa4 Kf8 28. c6 bxc6 29. Qxa6 Qd1+ 30. Qf1 Qa4 31. Qc1 Ke8 32. Kf1 Qb5+ 33.
Ke1 Qe5+ 34. Qe3 Qa1+ 35. Ke2 Qa2+ 36. Kf3 Qd5+ 37. Qe4 Kd7 38. Qxd5+ exd5 39.
Ke3 Kc7 40. Kd4 Kb6 41. a4 f5 42. f4 Ka6 43. Kc5 1-0

[Event "Krajský pøebor jednotlivcù KHŠS 2014"]
[Site "Janske Lazne"]
[Date "2014.05.08"]
[Round "5.15"]
[White "Jina, Lubos"]
[Black "Ptacek, Tomas"]
[Result "0-1"]
[WhiteElo "1809"]
[BlackElo "1996"]
[PlyCount "78"]
[EventDate "2014.05.06"]

1. d4 e6 2. Nf3 c5 3. c3 Nf6 4. Bg5 Be7 5. e3 b6 6. Be2 Bb7 7. Nbd2 h6 8. Bh4
d6 9. O-O Nbd7 10. Ne1 O-O 11. Qc2 cxd4 12. exd4 e5 13. dxe5 dxe5 14. f3 Nd5
15. Bxe7 Qxe7 16. Rf2 f5 17. Nb3 Qg5 18. Qc1 Qg6 19. Bf1 Kh8 20. Nc2 Rae8 21.
Qd2 e4 22. fxe4 fxe4 23. Rxf8+ Rxf8 24. Ne3 Ne5 25. Nd4 Qg5 26. Re1 Nf3+ 27.
Nxf3 Rxf3 28. Nc4 e3 29. Qc1 b5 30. Nd6 Bc6 31. Qd1 Rf2 32. Ne4 Qf4 33. Ng3 Rd2
34. Qb1 Qf2+ 35. Kh1 Nf4 36. Ne4 Bxe4 37. Qxe4 Qxe1 38. Qe8+ Kh7 39. Qxb5 Rf2
0-1

[Event "Krajský pøebor jednotlivcù KHŠS 2014"]
[Site "Janske Lazne"]
[Date "2014.05.08"]
[Round "5.16"]
[White "Matejovsky, Ondrej"]
[Black "Portych, Vaclav"]
[Result "1-0"]
[WhiteElo "1988"]
[BlackElo "1818"]
[PlyCount "63"]
[EventDate "2014.05.06"]

1. e4 c5 2. Nf3 Nc6 3. Bb5 d6 4. O-O Bd7 5. c3 Nf6 6. Re1 g6 7. d4 cxd4 8. cxd4
Bg7 9. Nc3 O-O 10. h3 a6 11. Ba4 b5 12. Bb3 Rc8 13. e5 dxe5 14. dxe5 Ne8 15. e6
Bxe6 16. Rxe6 Bxc3 17. Qxd8 Nxd8 18. Rxe7 Nc6 19. Rxe8 Rfxe8 20. bxc3 Ne5 21.
Nxe5 Rxe5 22. Be3 Re7 23. Rd1 Rc6 24. Rd8+ Kg7 25. Bd4+ f6 26. Bd5 Re1+ 27. Kh2
Rc7 28. Rg8+ Kh6 29. Bxf6 Rd7 30. Bf3 Rf7 31. Bd4 Rfe7 32. h4 1-0

[Event "Krajský pøebor jednotlivcù KHŠS 2014"]
[Site "Janske Lazne"]
[Date "2014.05.08"]
[Round "5.17"]
[White "Martinovsky, Miroslav"]
[Black "Sedivy, Martin"]
[Result "0-1"]
[WhiteElo "1812"]
[BlackElo "1963"]
[PlyCount "86"]
[EventDate "2014.05.06"]

1. Nf3 e6 2. d4 b5 3. Bf4 d5 4. e3 a6 5. c3 Nf6 6. Bd3 Bb7 7. Nbd2 Bd6 8. Bxd6
Qxd6 9. Qc2 Nbd7 10. O-O c5 11. Rfe1 c4 12. Bf1 O-O 13. g3 Ne4 14. Nxe4 dxe4
15. Nd2 f5 16. Bg2 Rad8 17. f3 exf3 18. Bxf3 Bxf3 19. Nxf3 e5 20. Rf1 e4 21.
Nh4 g6 22. Ng2 Nb6 23. Nf4 Rde8 24. a3 Rf7 25. Rf2 a5 26. Qd2 Rd8 27. Rd1 Nd7
28. Rg2 g5 29. Nh3 Qe7 30. Rf1 Ne5 31. Qe2 Nf3+ 32. Kh1 Qe6 33. Ng1 g4 34. Rb1
a4 35. Qf2 h5 36. Ne2 Rh7 37. Nf4 Qf6 38. Rc1 Kf7 39. Rc2 Rdh8 40. Qf1 h4 41.
gxh4 Qxh4 42. Qf2 g3 43. Rxg3 Qxh2+ 0-1

[Event "Krajský pøebor jednotlivcù KHŠS 2014"]
[Site "Janske Lazne"]
[Date "2014.05.08"]
[Round "5.18"]
[White "Vavrinec, Tomas"]
[Black "Kabelka, Ondrej"]
[Result "1-0"]
[WhiteElo "2025"]
[BlackElo "1785"]
[PlyCount "65"]
[EventDate "2014.05.06"]

1. c4 c6 2. Nf3 d5 3. g3 dxc4 4. a4 Nf6 5. Bg2 Bf5 6. Na3 Nbd7 7. Nxc4 e6 8.
O-O Be7 9. d3 O-O 10. Qb3 Nc5 11. Qc2 Bg6 12. b4 Na6 13. b5 Nb4 14. Qb3 cxb5
15. axb5 Qd7 16. Bd2 Nbd5 17. Nfe5 Qd8 18. Ra2 Bh5 19. e4 Nb6 20. Ba5 Bc5 21.
d4 Bxd4 22. Rd2 Nxc4 23. Nxc4 Bxf2+ 24. Rfxf2 Qb8 25. h3 Bg6 26. Nd6 a6 27. b6
e5 28. Bb4 Rd8 29. Nf5 Bxf5 30. exf5 a5 31. Be7 Re8 32. Bxf6 gxf6 33. Rd7 1-0

[Event "Krajský pøebor jednotlivcù KHŠS 2014"]
[Site "Janske Lazne"]
[Date "2014.05.08"]
[Round "5.19"]
[White "Bradac, Daniel"]
[Black "Tobiskova, Petra"]
[Result "1-0"]
[WhiteElo "1947"]
[BlackElo "1591"]
[PlyCount "57"]
[EventDate "2014.05.06"]

1. e4 e5 2. Nf3 Nf6 3. d3 Nc6 4. g3 Bc5 5. Bg2 d6 6. O-O h6 7. c3 O-O 8. d4
exd4 9. cxd4 Bb6 10. Nc3 Ba5 11. Qc2 Re8 12. d5 Ne7 13. Be3 Ng6 14. Nd2 Ng4 15.
Bd4 Bd7 16. h3 Nf6 17. Nc4 Bxc3 18. Bxc3 Nh7 19. f4 Qc8 20. Kh2 h5 21. Qf2 Ngf8
22. e5 Bb5 23. b3 Qd7 24. Bf3 g6 25. g4 hxg4 26. Bxg4 Qe7 27. Rae1 Qd8 28. Qd4
dxe5 29. fxe5 1-0

[Event "Krajský pøebor jednotlivcù KHŠS 2014"]
[Site "Janske Lazne"]
[Date "2014.05.08"]
[Round "5.20"]
[White "Peniska, Pavel"]
[Black "Havelka, Petr"]
[Result "1/2-1/2"]
[WhiteElo "1905"]
[BlackElo "1871"]
[PlyCount "48"]
[EventDate "2014.05.06"]

1. e4 d5 2. exd5 Qxd5 3. Nc3 Qa5 4. Nf3 Nf6 5. Bc4 Bf5 6. O-O e6 7. d4 c6 8.
Bf4 Be7 9. a3 O-O 10. Bd3 Bxd3 11. Qxd3 Nbd7 12. Rfe1 Qd8 13. Rad1 Nb6 14. Ne4
Nbd5 15. Bd2 Qc7 16. g3 Rad8 17. c4 Nxe4 18. Qxe4 Nf6 19. Qe2 Rfe8 20. Bc3 Bf8
21. Ne5 g6 22. Qf3 Bg7 23. g4 a5 24. h3 Rf8 1/2-1/2

[Event "Krajský pøebor jednotlivcù KHŠS 2014"]
[Site "Janske Lazne"]
[Date "2014.05.08"]
[Round "5.21"]
[White "Chalupecky, Vladimir"]
[Black "Mares, Ilja"]
[Result "1-0"]
[WhiteElo "2006"]
[BlackElo "1786"]
[PlyCount "119"]
[EventDate "2014.05.06"]

1. e4 c5 2. Nf3 a6 3. d4 cxd4 4. Nxd4 e5 5. Nb3 Nf6 6. Bd3 d5 7. exd5 Nxd5 8.
Be4 Nc7 9. Qxd8+ Kxd8 10. Nc3 Bb4 11. Bg5+ f6 12. O-O-O+ Ke7 13. Bd2 Nc6 14. a3
Bd6 15. Bxc6 bxc6 16. Ne4 Nb5 17. Nxd6 Kxd6 18. a4 Nd4 19. Be3 Kc7 20. Nxd4
exd4 21. Bf4+ Kb7 22. Rxd4 Be6 23. Re1 Rhe8 24. Rd6 Bf5 25. Be3 Rad8 26. Rxd8
Rxd8 27. Bc5 Rd7 28. f3 h5 29. h3 a5 30. g4 hxg4 31. hxg4 Bg6 32. Re7 Rxe7 33.
Bxe7 Bf7 34. Bd8 Ka6 35. Kd2 Bc4 36. Be7 Bf7 37. Ke3 Kb6 38. f4 Kc7 39. Kd4 Bd5
40. Ke3 Kd7 41. Bc5 Kc7 42. f5 Bf7 43. Bf8 g6 44. Bg7 gxf5 45. gxf5 Bh5 46.
Bxf6 Bd1 47. Be5+ Kd7 48. Kd2 Bg4 49. f6 Ke6 50. c4 Bh5 51. Bd4 Bf7 52. Kc3 Kd6
53. Bb6 Ke6 54. Bd8 Ke5 55. b4 axb4+ 56. Kxb4 Kd6 57. a5 Kd7 58. a6 Kc8 59. a7
Kb7 60. Bb6 1-0

[Event "Krajský pøebor jednotlivcù KHŠS 2014"]
[Site "Janske Lazne"]
[Date "2014.05.08"]
[Round "5.22"]
[White "Neubauer, Vilem"]
[Black "Svec, Ludek"]
[Result "0-1"]
[WhiteElo "1840"]
[BlackElo "1749"]
[PlyCount "74"]
[EventDate "2014.05.06"]

1. f4 Nf6 2. g3 c5 3. Bg2 d5 4. Nf3 Nc6 5. O-O Bf5 6. d3 Qc8 7. Re1 Bh3 8. Bh1
h6 9. e4 dxe4 10. dxe4 e6 11. e5 Ng4 12. Bg2 Bxg2 13. Kxg2 h5 14. Nfd2 Nd4 15.
c3 Qc6+ 16. Ne4 Nf5 17. Qf3 O-O-O 18. h3 Ngh6 19. Qxh5 Nxg3 20. Qf3 Nxe4 21.
Qxe4 Qxe4+ 22. Rxe4 Rd1 23. Bd2 Nf5 24. Re1 Rxe1 25. Bxe1 Ne3+ 26. Kh2 Nc2 27.
Na3 Nxa1 28. c4 Be7 29. Bc3 Rd8 30. b3 Rd1 31. Nb5 Kb8 32. Nd6 Rc1 33. Bxa1
Rxa1 34. Nxf7 Rxa2+ 35. Kg3 Rb2 36. h4 Rxb3+ 37. Kg4 a5 0-1

[Event "Krajský pøebor jednotlivcù KHŠS 2014"]
[Site "Janske Lazne"]
[Date "2014.05.08"]
[Round "5.23"]
[White "Ruzickova, Radka"]
[Black "Tsapanidis, Vasilis"]
[Result "1-0"]
[WhiteElo "1820"]
[BlackElo "1779"]
[PlyCount "115"]
[EventDate "2014.05.06"]

1. e4 e6 2. d4 d5 3. Nd2 dxe4 4. Nxe4 Nf6 5. Bg5 Be7 6. Nxf6+ Bxf6 7. Bxf6 Qxf6
8. Nf3 O-O 9. Bd3 Nd7 10. c3 Re8 11. O-O c5 12. Re1 b6 13. Be4 Rb8 14. Qa4 a5
15. Ne5 b5 16. Qxa5 Nxe5 17. dxe5 Qe7 18. Qa3 Bb7 19. Bxb7 Rxb7 20. Qb3 Rd8 21.
Rad1 Ra8 22. a3 c4 23. Qc2 g6 24. Qe4 Rc8 25. Rd6 Kg7 26. Red1 h5 27. g3 Qc7
28. Qd4 Qe7 29. Rb6 Rcc7 30. Rxb7 Rxb7 31. Qd8 g5 32. Qxe7 Rxe7 33. f4 Kg6 34.
Kf2 g4 35. Rd8 Rb7 36. Ke3 Kg7 37. Kd4 Rc7 38. Ke4 Kg6 39. Rd6 f5+ 40. exf6
Kxf6 41. f5 Rc5 42. Rxe6+ Kg7 43. Re5 Rc6 44. Rxb5 Kf6 45. Re5 Rc8 46. Re6+ Kg7
47. Kf4 Rb8 48. Re2 Kf6 49. Ke3 Kxf5 50. Kd4 Rc8 51. a4 Rc7 52. a5 Rc6 53. a6
Rxa6 54. Kxc4 Ra4+ 55. b4 Ra3 56. b5 Ra1 57. Kc5 Rb1 58. c4 1-0

[Event "Krajský pøebor jednotlivcù KHŠS 2014"]
[Site "Janske Lazne"]
[Date "2014.05.08"]
[Round "5.24"]
[White "Mladek, Richard"]
[Black "Vystrcil, Martin"]
[Result "1/2-1/2"]
[WhiteElo "1610"]
[BlackElo "1794"]
[PlyCount "57"]
[EventDate "2014.05.06"]

1. e4 c5 2. Nc3 Nc6 3. g3 g6 4. Bg2 Bg7 5. d3 d6 6. f4 Nf6 7. Nf3 e6 8. O-O O-O
9. h3 d5 10. Kh2 dxe4 11. dxe4 Qe7 12. e5 Ne8 13. Be3 Bd7 14. Ne4 b6 15. Qe2 f6
16. exf6 Nxf6 17. Nxf6+ Bxf6 18. Ne5 Rac8 19. Nxd7 Qxd7 20. Rad1 Qc7 21. c3
Rcd8 22. Rxd8 Rxd8 23. Bxc5 bxc5 24. Qxe6+ Kg7 25. Qxc6 Qxc6 26. Bxc6 Rd2+ 27.
Kg1 Rxb2 28. Rf2 Rb6 29. Bd5 1/2-1/2

[Event "Krajský pøebor jednotlivcù KHŠS 2014"]
[Site "Janske Lazne"]
[Date "2014.05.08"]
[Round "5.25"]
[White "Laloucek, Miroslav"]
[Black "Sadil, Jan"]
[Result "1/2-1/2"]
[WhiteElo "1812"]
[BlackElo "1723"]
[PlyCount "32"]
[EventDate "2014.05.06"]

1. d4 d5 2. Bf4 Nf6 3. Nf3 e6 4. e3 Be7 5. Nbd2 O-O 6. Bd3 Nbd7 7. O-O b6 8.
Ne5 Bb7 9. Rc1 c5 10. c3 Qc8 11. Ndf3 h6 12. h3 Nxe5 13. Nxe5 Ba6 14. c4 dxc4
15. Nxc4 Qd8 16. dxc5 Bxc5 1/2-1/2

[Event "Krajský pøebor jednotlivcù KHŠS 2014"]
[Site "Janske Lazne"]
[Date "2014.05.09"]
[Round "6.1"]
[White "Tazlar, Petr"]
[Black "Vojta, Tomas"]
[Result "0-1"]
[WhiteElo "2200"]
[BlackElo "2361"]
[PlyCount "52"]
[EventDate "2014.05.06"]

1. e4 Nf6 2. e5 Nd5 3. d4 d6 4. Nf3 Bg4 5. Be2 e6 6. O-O Be7 7. c4 Nb6 8. Nc3
O-O 9. Bf4 Nc6 10. b3 d5 11. Be3 f6 12. cxd5 Nxd5 13. Nxd5 exd5 14. Rc1 Ba3 15.
Rc2 Bf5 16. Rxc6 bxc6 17. exf6 gxf6 18. Bh6 Re8 19. Nh4 Qd7 20. Nxf5 Qxf5 21.
Bd3 Qe6 22. Bxh7+ Kxh7 23. Qh5 Rh8 24. f4 f5 25. Rf3 Qg6 26. Qh3 Qg4 0-1

[Event "Krajský pøebor jednotlivcù KHŠS 2014"]
[Site "Janske Lazne"]
[Date "2014.05.09"]
[Round "6.2"]
[White "Juptner, Jan"]
[Black "Valenta, Vit"]
[Result "1-0"]
[WhiteElo "2351"]
[BlackElo "2137"]
[PlyCount "85"]
[EventDate "2014.05.06"]

1. d4 Nf6 2. c4 d6 3. Nf3 Nbd7 4. Nc3 g6 5. g3 Bg7 6. Bg2 O-O 7. O-O e5 8. h3
c6 9. e4 Qc7 10. Be3 Re8 11. Qc2 a6 12. Rfd1 b5 13. c5 dxc5 14. dxe5 Nxe5 15.
Nxe5 Qxe5 16. Bf4 Qe7 17. Bd6 Qb7 18. Bxc5 Be6 19. b3 Rad8 20. Rac1 Rd7 21. f4
Rxd1+ 22. Rxd1 Qc8 23. g4 Nd7 24. Bf2 f6 25. Qd2 Nb8 26. f5 Bf7 27. Qd4 Bf8 28.
Qa7 Rd8 29. Rxd8 Qxd8 30. e5 gxf5 31. gxf5 fxe5 32. Ne4 c5 33. Nxc5 Bh6 34. Ne6
Qc8 35. Qe7 Nd7 36. Qh4 Qc1+ 37. Kh2 Bxe6 38. fxe6 Qf4+ 39. Bg3 Qxh4 40. Bxh4
Nb8 41. e7 Kf7 42. Bf3 Bf4+ 43. Kg2 1-0

[Event "Krajský pøebor jednotlivcù KHŠS 2014"]
[Site "Janske Lazne"]
[Date "2014.05.09"]
[Round "6.3"]
[White "Jedlicka, Lubos"]
[Black "Kozusek, Daniel"]
[Result "1/2-1/2"]
[WhiteElo "2230"]
[BlackElo "2084"]
[PlyCount "33"]
[EventDate "2014.05.06"]

1. c4 e5 2. g3 Nf6 3. Bg2 d5 4. cxd5 Nxd5 5. Nc3 Nb6 6. Nf3 Nc6 7. O-O Be7 8.
d3 O-O 9. a3 Be6 10. b4 a5 11. b5 Nd4 12. Rb1 f6 13. Nxd4 exd4 14. Na4 Bd5 15.
Nxb6 cxb6 16. Bxd5+ Qxd5 17. e4 1/2-1/2

[Event "Krajský pøebor jednotlivcù KHŠS 2014"]
[Site "Janske Lazne"]
[Date "2014.05.09"]
[Round "6.4"]
[White "Skrivanek, Jan"]
[Black "Karlik, Vladimir"]
[Result "1/2-1/2"]
[WhiteElo "2168"]
[BlackElo "2271"]
[PlyCount "30"]
[EventDate "2014.05.06"]

1. d4 g6 2. e4 Bg7 3. Nc3 c6 4. Bc4 d6 5. Nf3 Nf6 6. a4 d5 7. exd5 cxd5 8. Bb5+
Nc6 9. Ne5 Bd7 10. Nxd7 Qxd7 11. O-O O-O 12. Re1 e6 13. Bf1 Ne8 14. Ne2 Nd6 15.
c3 a6 1/2-1/2

[Event "Krajský pøebor jednotlivcù KHŠS 2014"]
[Site "Janske Lazne"]
[Date "2014.05.09"]
[Round "6.5"]
[White "Haman, Jakub"]
[Black "Moravec, Vit"]
[Result "1/2-1/2"]
[WhiteElo "2151"]
[BlackElo "2177"]
[PlyCount "159"]
[EventDate "2014.05.06"]

1. e4 c5 2. Nf3 Nc6 3. Bb5 e6 4. Bxc6 bxc6 5. e5 Ba6 6. b3 c4 7. Qe2 Qa5 8.
bxc4 Qb4 9. Ba3 Qxc4 10. Qxc4 Bxc4 11. Bxf8 Kxf8 12. Nc3 Rb8 13. d3 Bd5 14.
Nxd5 cxd5 15. Kd2 Ne7 16. Rab1 Nc6 17. Nd4 Ke7 18. Nxc6+ dxc6 19. Rb3 Rb6 20.
d4 Rhb8 21. Rhb1 Kd7 22. Kc3 Kc7 23. f4 h5 24. g3 g6 25. h3 Rb5 26. a4 R5b6 27.
a5 Rb5 28. g4 hxg4 29. hxg4 Rh8 30. Rxb5 cxb5 31. Rxb5 Kc6 32. Kb4 Rh4 33. a6
Rxg4 34. Rb7 Rxf4 35. c3 Rf1 36. Rxa7 Kb6 37. Ra8 Rb1+ 38. Ka3 Ra1+ 39. Kb4
Rxa6 40. Rf8 Ra7 41. c4 dxc4 42. Kxc4 Kc6 43. Kd3 Rc7 44. Ke4 Kb5 45. d5 exd5+
46. Kxd5 Rd7+ 47. Ke4 Re7 48. Kd5 Rd7+ 49. Ke4 Kc6 50. e6 fxe6 51. Rf6 Kd6 52.
Rxg6 Ra7 53. Rg8 Ra4+ 54. Ke3 Kd5 55. Rd8+ Ke5 56. Rh8 Ra3+ 57. Ke2 Kd5 58.
Rh5+ e5 59. Rh8 Kd4 60. Rd8+ Ke4 61. Rh8 Ra2+ 62. Ke1 Ra1+ 63. Ke2 Ra2+ 64. Ke1
Kd4 65. Rh4+ e4 66. Rh3 Rb2 67. Rg3 Rb1+ 68. Ke2 Rc1 69. Rh3 Rg1 70. Ra3 Rg2+
71. Ke1 Rh2 72. Rb3 Rg2 73. Ra3 Ke5 74. Rb3 Kf4 75. Ra3 Rb2 76. Rc3 Rb1+ 77.
Ke2 Rb4 78. Ra3 e3 79. Ra8 Rb2+ 80. Ke1 1/2-1/2

[Event "Krajský pøebor jednotlivcù KHŠS 2014"]
[Site "Janske Lazne"]
[Date "2014.05.09"]
[Round "6.6"]
[White "Cap, Adam"]
[Black "Pycha, Patrik"]
[Result "1/2-1/2"]
[WhiteElo "2134"]
[BlackElo "2013"]
[PlyCount "54"]
[EventDate "2014.05.06"]

1. e4 e6 2. d4 d5 3. Nd2 Nf6 4. e5 Nfd7 5. Bd3 c5 6. c3 Nc6 7. Ne2 cxd4 8. cxd4
f6 9. exf6 Nxf6 10. Nf3 Bd6 11. Bf4 Bxf4 12. Nxf4 Qa5+ 13. Qd2 Qxd2+ 14. Kxd2
O-O 15. Rhe1 Ne4+ 16. Bxe4 Rxf4 17. Bd3 Bd7 18. Bb5 Raf8 19. Bxc6 bxc6 20. Kd3
Be8 21. Rxe6 Bg6+ 22. Ke2 Bh5 23. Rxc6 Bxf3+ 24. gxf3 Rxf3 25. Rf1 R3f4 26. Rc3
Rxd4 27. Rd3 Rxd3 1/2-1/2

[Event "Krajský pøebor jednotlivcù KHŠS 2014"]
[Site "Janske Lazne"]
[Date "2014.05.09"]
[Round "6.7"]
[White "Rusnak, Jan"]
[Black "Kaderabek, Jiri"]
[Result "0-1"]
[WhiteElo "1991"]
[BlackElo "2123"]
[PlyCount "38"]
[EventDate "2014.05.06"]

1. e4 d5 2. exd5 Nf6 3. d4 Nxd5 4. c3 Bf5 5. Bd3 Bxd3 6. Qxd3 Qd7 7. Nf3 Qe6+
8. Be3 Nf4 9. Qb5+ Nd7 10. O-O Qd5 11. Na3 a6 12. Qa4 g5 13. c4 Qf5 14. Nb5
O-O-O 15. Na7+ Kb8 16. d5 Nxg2 17. Nd4 Qh3 18. Nac6+ Ka8 19. Nxd8 Nh4 0-1

[Event "Krajský pøebor jednotlivcù KHŠS 2014"]
[Site "Janske Lazne"]
[Date "2014.05.09"]
[Round "6.8"]
[White "Pychova, Nela"]
[Black "Stradej, Vlastimil"]
[Result "1/2-1/2"]
[WhiteElo "2034"]
[BlackElo "1993"]
[PlyCount "104"]
[EventDate "2014.05.06"]

1. c4 g6 2. Nf3 Bg7 3. g3 d6 4. Bg2 e5 5. Nc3 Nf6 6. d3 Nbd7 7. O-O O-O 8. Rb1
h6 9. b4 Ne8 10. a4 f5 11. Qc2 Ndf6 12. b5 g5 13. Ba3 Rb8 14. c5 b6 15. cxd6
cxd6 16. Na2 Bb7 17. Nb4 Rc8 18. Qb3+ Kh7 19. Rfc1 Rxc1+ 20. Rxc1 Qe7 21. Nc6
Bxc6 22. bxc6 Nc7 23. Nd2 Rd8 24. Nc4 Nfe8 25. Ne3 Qf6 26. g4 fxg4 27. Nxg4 Qf4
28. Ne3 Bf8 29. Nd5 Nxd5 30. Qxd5 Nc7 31. Qe4+ Kg7 32. Qxf4 gxf4 33. Bb2 Be7
34. d4 Bf6 35. Rd1 exd4 36. Bxd4 Ne6 37. Bxf6+ Kxf6 38. Bh3 Nc7 39. Kg2 Ke5 40.
Kf3 Rg8 41. e3 fxe3 42. Kxe3 d5 43. f4+ Kd6 44. Bd7 Rg2 45. f5 Ke5 46. Kf3 Rxh2
47. Re1+ Kf6 48. Rg1 Rh3+ 49. Ke2 Ke5 50. Rf1 Rh2+ 51. Kd3 Rh3+ 52. Ke2 Rh2+
1/2-1/2

[Event "Krajský pøebor jednotlivcù KHŠS 2014"]
[Site "Janske Lazne"]
[Date "2014.05.09"]
[Round "6.9"]
[White "Ptacek, Tomas"]
[Black "Kucera, Tomas"]
[Result "1-0"]
[WhiteElo "1996"]
[BlackElo "2024"]
[PlyCount "67"]
[EventDate "2014.05.06"]

1. d4 Nf6 2. c4 g6 3. Nc3 Bg7 4. Nf3 O-O 5. Bf4 d6 6. e3 Nbd7 7. h3 Re8 8. Be2
c6 9. O-O Qb6 10. Qc2 e5 11. Bh2 Qd8 12. Rfd1 e4 13. Nd2 d5 14. cxd5 cxd5 15.
Nb5 Re6 16. Rdc1 Ne8 17. a4 Rc6 18. Qb3 Ndf6 19. Nc3 Bf8 20. Bb5 Re6 21. Bxe8
Rxe8 22. Nb5 Qa5 23. Rc2 Bd7 24. Nc7 Bc6 25. Nxa8 Rxa8 26. Qa2 Nd7 27. b3 Bb4
28. Rac1 f5 29. Nf1 g5 30. Rxc6 bxc6 31. Rxc6 Bf8 32. Qc2 Qb4 33. Rc7 Nb6 34.
Qc6 1-0

[Event "Krajský pøebor jednotlivcù KHŠS 2014"]
[Site "Janske Lazne"]
[Date "2014.05.09"]
[Round "6.10"]
[White "Pavlicek, Miroslav"]
[Black "Matejovsky, Ondrej"]
[Result "1/2-1/2"]
[WhiteElo "2022"]
[BlackElo "1988"]
[PlyCount "65"]
[EventDate "2014.05.06"]

1. d4 d5 2. c4 e6 3. Nf3 Nf6 4. cxd5 exd5 5. Bg5 Be7 6. Nc3 c6 7. e3 O-O 8. Bd3
Nbd7 9. O-O Re8 10. Qc2 Nf8 11. a3 Ng6 12. b4 a6 13. Bxf6 Bxf6 14. a4 Qd6 15.
b5 c5 16. bxa6 bxa6 17. dxc5 Qxc5 18. Rac1 Qa5 19. Rfd1 Bb7 20. Qb3 Bc6 21.
Bxg6 hxg6 22. Nd4 Bxd4 23. Rxd4 Rab8 24. Qd1 Rb4 25. Rxb4 Qxb4 26. Nxd5 Bxd5
27. Qxd5 Qxa4 28. g3 Qb4 29. Rc5 Qb1+ 30. Kg2 Qe4+ 31. Qxe4 Rxe4 32. Rc8+ Kh7
33. h4 1/2-1/2